[Event "Baden-Baden op"]
[Site "Baden-Baden"]
[Date "2024.02.10"]
[Round "3"]
[White "Bentel, Robin"]
[Black "Schlosser, Philipp"]
[Result "0-1"]
[WhiteElo "2194"]
[BlackElo "2509"]
[PlyCount "126"]
[EventDate "2024.02.09"]
[EventType "swiss"]
[EventRounds "9"]
[EventCountry "GER"]
[SourceTitle "CB08_2024"]
[SourceDate "2024.02.21"]
[SourceVersion "1"]
[SourceVersionDate "2024.02.21"]
[SourceQuality "1"]

1. d4 Nf6 2. c4 e6 3. Nf3 b6 4. g3 Ba6 5. b3 Bb4+ 6. Bd2 Be7 7. Nc3 d5 8. cxd5 exd5 9. Bg2 0-0 10. 0-0 Bb7 11. Bf4 Na6 12. Ne5 c6 13. Rc1 h6 14. h4 Re8 15. e3 Rc8 16. Bh3 Rc7 17. Qf3 Bd6 18. g4 Ne4 19. Nxe4 dxe4 20. Qg2 c5 21. Rcd1 Qxh4 22. g5 hxg5 23. Ng6 fxg6 24. Bxd6 Rf7 25. d5 Rf3 26. Bd7 Kf7 27. Bg3 Qh5 28. Bxe8+ Kxe8 29. d6 Kd7 30. a3 Nb8 31. b4 Na6 32. Rd2 Rf8 33. Rc1 g4 34. Qf1 Rh8 35. Qg2 Qf5 36. Bf4 g5 37. Bg3 Bc6 38. Rdc2 Bb5 39. Rd2 Rh6 40. Rcd1 Bc6 41. b5 Bxb5 42. Rd5 Qf3 43. Qxf3 gxf3 44. Rxg5 Rh7 45. Re5 g5 46. Rxe4 Be2 47. Rd5 c4 48. Rde5 c3 49. Re7+ Kc6 50. Be5 c2 51. Bb2 Rh8 52. d7 Rd8 53. R4e6+ Kb5 54. Rd6 Nc5 55. e4 Nd3 56. Rxd3 Bxd3 57. e5 Bf5 58. e6 Bxe6 59. Rxe6 Rxd7 60. Kh2 Rd1 61. Re4 c1Q 62. Bxc1 Rxc1 63. Kg3 Rc3 0-1

[Event "Baden-Baden Autumn op"]
[Site "Baden-Baden"]
[Date "2023.11.05"]
[Round "7"]
[White "Bentel, Robin"]
[Black "Cernov, Henrik"]
[Result "1/2-1/2"]
[WhiteElo "2175"]
[BlackElo "2094"]
[PlyCount "85"]
[EventDate "2023.11.02"]
[EventType "swiss"]
[EventRounds "7"]
[EventCountry "GER"]
[SourceTitle "CB46_2023"]
[SourceDate "2023.11.15"]
[SourceVersion "1"]
[SourceVersionDate "2023.11.15"]
[SourceQuality "1"]
[WhiteTeam "Germany"]
[BlackTeam "Germany"]
[WhiteTeamCountry "GER"]
[BlackTeamCountry "GER"]

1. Nf3 Nf6 2. e3 b6 3. c4 e6 4. Nc3 Bb7 5. b3 d5 6. Bb2 Nbd7 7. cxd5 exd5 8. d4 Bd6 9. Bd3 0-0 10. 0-0 a6 11. Ne2 Ne4 12. Rc1 Re8 13. Ng3 Nxg3 14. hxg3 a5 15. Qc2 h6 16. Ne5 Nf6 17. Nc6 Qd7 18. Bf5 Qxc6 19. Qxc6 Bxc6 20. Rxc6 a4 21. Bc2 a3 22. Bc3 Nd7 23. Bd2 Nb8 24. Rc3 Bb4 25. Rd3 Na6 26. Bb1 Bxd2 27. Rxd2 Nb4 28. Rc1 c6 29. Rc3 g6 30. g4 Rac8 31. f3 c5 32. Kh2 Rc6 33. e4 dxe4 34. dxc5 e3 35. Re2 Nd5 36. Rd3 Rxc5 37. b4 Rc1 38. Rxd5 Rxb1 39. Rd3 Rb2 40. Rexe3 Rxe3 41. Rxe3 Rxa2 42. Re8+ Kg7 43. Rb8 1/2-1/2

[Event "Baden-Baden Autumn op"]
[Site "Baden-Baden"]
[Date "2023.11.04"]
[Round "4"]
[White "Bentel, Robin"]
[Black "Cofman, Veaceslav"]
[Result "1-0"]
[WhiteElo "2175"]
[BlackElo "2236"]
[PlyCount "83"]
[EventDate "2023.11.02"]
[EventType "swiss"]
[EventRounds "7"]
[EventCountry "GER"]
[SourceTitle "CB46_2023"]
[SourceDate "2023.11.15"]
[SourceVersion "1"]
[SourceVersionDate "2023.11.15"]
[SourceQuality "1"]
[WhiteTeam "Germany"]
[BlackTeam "Germany"]
[WhiteTeamCountry "GER"]
[BlackTeamCountry "GER"]

1. Nf3 Nf6 2. c4 e6 3. e3 b6 4. Nc3 Bb7 5. Be2 Bb4 6. 0-0 Bxc3 7. bxc3 d6 8. d3 Nbd7 9. e4 e5 10. Ne1 h6 11. f4 exf4 12. Bxf4 Ne5 13. Nc2 Ng6 14. Bd2 Nf8 15. Ne3 Bc8 16. Qe1 Ng6 17. Qg3 Qe7 18. Nf5 Bxf5 19. exf5 0-0-0 20. Rae1 Ne5 21. Bd1 Qf8 22. c5 Ned7 23. cxd6 Qxd6 24. Bf4 Qa3 25. Qf3 Kb8 26. d4 Qa6 27. Re7 Rhf8 28. Bb3 Qb7 29. Qxb7+ Kxb7 30. Bxf7 Rxf7 31. Rxf7 Nd5 32. c4 Nc3 33. Re1 Nxa2 34. Ree7 Kc8 35. Bd2 a5 36. c5 bxc5 37. dxc5 Nxc5 38. Rxc7+ Kb8 39. Rxc5 Rxd2 40. Rb5+ Kc8 41. Rxa5 Nc3 42. Ra8# 1-0

[Event "Baden Baden op"]
[Site "Baden-Baden"]
[Date "2023.02.19"]
[Round "4"]
[White "Gustain, Marc"]
[Black "Bentel, Robin"]
[Result "0-1"]
[WhiteElo "2160"]
[BlackElo "2201"]
[PlyCount "124"]
[EventDate "2023.02.17"]
[EventType "swiss"]
[EventRounds "9"]
[EventCountry "GER"]
[SourceTitle "CBM 212 Extra"]
[Source "ChessBase"]
[SourceDate "2023.03.31"]
[SourceVersion "1"]
[SourceVersionDate "2023.03.31"]
[SourceQuality "1"]

1. e4 c5 2. Nf3 d6 3. d4 cxd4 4. Qxd4 Nc6 5. Qe3 Nf6 6. Be2 e6 7. 0-0 Be7 8. c4 0-0 9. Nc3 a6 10. b3 Qc7 11. Rd1 Ng4 12. Qd2 Rd8 13. h3 Nge5 14. Bb2 b6 15. Rac1 Nxf3+ 16. Bxf3 Ne5 17. Be2 Bb7 18. Qe3 Rab8 19. Rd2 Qc5 20. Qxc5 dxc5 21. Nd5 exd5 22. Bxe5 dxe4 23. Rdc2 Bd6 24. Bc3 Bf4 25. Re1 f5 26. g4 g6 27. gxf5 gxf5 28. Bh5 Rd3 29. f3 Kf8 30. fxe4 Rxc3 31. Rxc3 Bd2 32. Rce3 Bxe1 33. Rxe1 Bxe4 34. Rd1 Ke7 35. Kf2 Rd8 36. Rxd8 Kxd8 37. Ke3 Ke7 38. Bd1 Kf6 39. Kf4 Bb1 40. h4 h6 41. a3 a5 42. Be2 Bc2 43. Bf1 Bxb3 44. Be2 Bc2 45. Bf1 Ke6 46. Be2 a4 47. Bf1 Be4 48. Be2 b5 49. cxb5 Kd5 50. Bd1 c4 51. Bxa4 Kc5 52. Ke3 c3 53. h5 Kb6 54. Kf4 Ka5 55. Bb3 Kxb5 56. Ke3 Kc5 57. Be6 Kd6 58. Bc4 Ke5 59. a4 f4+ 60. Ke2 Kd4 61. Bb5 Bf3+ 62. Ke1 Ke5 0-1

[Event "Muenster op-A 39th"]
[Site "Muenster"]
[Date "2022.10.08"]
[Round "9"]
[White "Dordevic, Tom"]
[Black "Bentel, Robin"]
[Result "1/2-1/2"]
[WhiteElo "1767"]
[BlackElo "2247"]
[PlyCount "110"]
[EventDate "2022.10.01"]
[EventType "swiss"]
[EventRounds "9"]
[EventCountry "GER"]
[SourceTitle "EXT 2023"]
[Source "ChessBase"]
[SourceDate "2022.10.05"]
[SourceVersion "1"]
[SourceVersionDate "2022.10.05"]
[SourceQuality "1"]

1. Nf3 Nf6 2. g3 g6 3. Bg2 Bg7 4. 0-0 0-0 5. c4 c5 6. d4 cxd4 7. Nxd4 Nc6 8. Nc3 Nxd4 9. Qxd4 d6 10. Rd1 Be6 11. Qd2 Bxc4 12. Bxb7 Rb8 13. Bg2 Qb6 14. b3 Be6 15. Bb2 h5 16. Rac1 h4 17. Na4 Qb5 18. Bd4 hxg3 19. hxg3 Qh5 20. f3 Bh3 21. e4 Nd7 22. Bxh3 Qxh3 23. Qg2 Bxd4+ 24. Rxd4 Qxg2+ 25. Kxg2 Rfc8 26. Rdc4 Rxc4 27. Rxc4 Rb7 28. Kf2 Kg7 29. Ke3 f5 30. Kd4 Ne5 31. Rc3 Rb4+ 32. Ke3 fxe4 33. fxe4 Ng4+ 34. Kf3 Ne5+ 35. Ke3 Ng4+ 36. Kf3 Nf6 37. e5 dxe5 38. Rc7 Kf7 39. Nc5 g5 40. Rxa7 g4+ 41. Ke3 Nd5+ 42. Ke2 Kf6 43. a4 e4 44. Rb7 Rxb7 45. Nxb7 Ke5 46. a5 Kd4 47. a6 Nc3+ 48. Ke1 Nb5 49. Nd8 Ke3 50. Nc6 Nc7 51. Ne5 Nxa6 52. Nxg4+ Kf3 53. Ne5+ Kxg3 54. Ke2 Kf4 55. Ng6+ Kf5 1/2-1/2

[Event "Maastricht Limburg op 14th"]
[Site "Maastricht"]
[Date "2022.06.03"]
[Round "1"]
[White "Bentel, Robin"]
[Black "De Rover, Yong Hoon"]
[Result "0-1"]
[WhiteElo "2225"]
[BlackElo "2359"]
[PlyCount "60"]
[EventDate "2022.06.03"]
[EventType "swiss"]
[EventRounds "7"]
[EventCountry "NED"]
[SourceTitle "CBM 208 Extra"]
[Source "ChessBase"]
[SourceDate "2022.07.31"]
[SourceVersion "1"]
[SourceVersionDate "2022.07.31"]
[SourceQuality "1"]

1. d4 Nf6 2. c4 e6 3. Nf3 b6 4. g3 Ba6 5. b3 Bb4+ 6. Bd2 Be7 7. Bg2 c6 8. Nc3 d5 9. 0-0 0-0 10. Bf4 Nbd7 11. Nd2 Nh5 12. a3 Rc8 13. b4 Nxf4 14. gxf4 dxc4 15. Qa4 Nb8 16. e3 Qc7 17. Nf3 Rcd8 18. Ne5 b5 19. Qc2 f6 20. Nf3 Bc8 21. Rfb1 Nd7 22. a4 a6 23. d5 exd5 24. Nd4 Nb6 25. a5 Na8 26. Rd1 Kh8 27. Nxc6 Qxc6 28. Rxd5 Bb7 29. Rg5 Qc8 30. Rh5 Rd3 0-1

[Event "Cappelle op 38th"]
[Site "Cappelle la Grande"]
[Date "2022.02.14"]
[Round "3"]
[White "Thybo, Jesper Sondergaard"]
[Black "Bentel, Robin"]
[Result "1/2-1/2"]
[WhiteElo "2592"]
[BlackElo "2171"]
[PlyCount "120"]
[EventDate "2022.02.12"]
[EventType "swiss"]
[EventRounds "9"]
[EventCountry "FRA"]
[SourceTitle "CBM 206 Extra"]
[Source "ChessBase"]
[SourceDate "2022.03.31"]
[SourceVersion "1"]
[SourceVersionDate "2022.03.31"]
[SourceQuality "1"]

1. Nf3 Nf6 2. g3 c5 3. Bg2 Nc6 4. c4 e6 5. 0-0 Qb6 6. b3 Be7 7. Bb2 0-0 8. d4 cxd4 9. Nxd4 Rd8 10. e4 d5 11. exd5 exd5 12. Nxc6 bxc6 13. Qe2 Be6 14. cxd5 Nxd5 15. Nd2 a5 16. Nc4 Qa6 17. Be4 a4 18. Bc2 a3 19. Be5 Nb6 20. Bc7 Bxc4 21. Qxe7 Rd7 22. Qe4 f5 23. Qxf5 g6 24. Qg4 Bxf1 25. Bxb6 Rf7 26. Qd4 Be2 27. Re1 Bf3 28. Bd3 Qb7 29. Qe3 Qd7 30. Bd4 Qh3 31. Bf1 Qf5 32. Ba1 h5 33. Qh6 Rh7 34. Qe3 Rf7 35. Bc4 Bd5 36. Bxd5 cxd5 37. Bd4 Kh7 38. Kg2 Rc8 39. Re2 Rff8 40. Qe7+ Rf7 41. Qe3 h4 42. h3 Rc2 43. Rxc2 Qxc2 44. Qe5 Qe4+ 45. Qxe4 dxe4 46. Bc5 Rc7 47. Bxa3 Rc2 48. gxh4 e3 49. Kf3 Rxa2 50. Bc5 exf2 51. Bxf2 Ra3 52. Kg4 Rxb3 53. Bc5 Kg7 54. Be7 Kf7 55. Bg5 Rb4+ 56. Kg3 Ke6 57. Bh6 Kf5 58. Bg5 Rb3+ 59. Kg2 Ke4 60. Bh6 Rd3 1/2-1/2

[Event "Pfalz op-A 11th"]
[Site "Neustadt an der Weinstrasse"]
[Date "2020.02.25"]
[Round "8"]
[White "Fischer, Daniel1111"]
[Black "Bentel, Robin"]
[Result "1/2-1/2"]
[WhiteElo "2318"]
[BlackElo "2122"]
[PlyCount "164"]
[EventDate "2020.02.21"]
[EventType "swiss"]
[EventRounds "9"]
[EventCountry "GER"]
[SourceTitle "CBM 195 Extra"]
[Source "ChessBase"]
[SourceDate "2020.05.31"]
[SourceVersion "1"]
[SourceVersionDate "2020.05.31"]
[SourceQuality "1"]

1. e4 e5 2. Nf3 Nc6 3. Bc4 Bc5 4. 0-0 Nf6 5. d3 d6 6. c3 a6 7. Nbd2 Ba7 8. Bb3 0-0 9. h3 h6 10. Re1 Re8 11. Nf1 Be6 12. Ng3 Qd7 13. Be3 Bxe3 14. Rxe3 d5 15. Ba4 b5 16. Bc2 dxe4 17. dxe4 Qxd1+ 18. Bxd1 Nd7 19. Nd2 Reb8 20. Kf1 Nb6 21. Be2 Nc4 22. Nxc4 bxc4 23. Rb1 Rb6 24. Bd1 Rab8 25. Re2 g6 26. Ke1 a5 27. Nf1 Nd8 28. Rc2 Nb7 29. Ne3 Nd6 30. Be2 f5 31. f3 a4 32. a3 Rb3 33. Kd1 fxe4 34. fxe4 Nxe4 35. Ra1 Rd8+ 36. Kc1 Rd3 37. Bxd3 cxd3 38. Rd2 Nxd2 39. Kxd2 e4 40. Nd1 c5 41. Rb1 Rb8 42. Ke3 Bb3 43. Nf2 Rf8 44. Ng4 h5 45. Nh2 d2 46. Kxd2 Rf2+ 47. Ke3 Rxg2 48. Nf1 Bc2 49. Re1 Kg7 50. Nd2 Rg3+ 51. Kf2 Rxh3 52. Nxe4 Bxe4 53. Rxe4 Rh2+ 54. Kf3 Rxb2 55. Rxa4 Rb3 56. Rc4 Rxa3 57. Rxc5 Kf6 58. Kf4 Ra1 59. Rc6+ Kg7 60. Kg5 Rg1+ 61. Kh4 Kh6 62. c4 Rd1 63. Rc5 g5+ 64. Kg3 Rd3+ 65. Kg2 h4 66. Re5 Kh5 67. c5 h3+ 68. Kh2 Kh4 69. c6 g4 70. Re4 Rd2+ 71. Kh1 Rc2 72. c7 Rxc7 73. Re1 Rc3 74. Ra1 Kg3 75. Kg1 h2+ 76. Kh1 Rf3 77. Ra3 Kf2 78. Ra2+ Ke3 79. Ra3+ Kf4 80. Ra4+ Kg3 81. Ra3 Kh3 82. Rxf3+ gxf3 1/2-1/2

[Event "NRW Class2 1617"]
[Site "Germany"]
[Date "2017.01.22"]
[Round "5.5"]
[White "Bentel, Robin"]
[Black "Kleinegger, Frank"]
[Result "1/2-1/2"]
[WhiteElo "2036"]
[BlackElo "2188"]
[PlyCount "64"]
[EventDate "2016.09.25"]
[EventType "team-tourn"]
[EventRounds "9"]
[EventCountry "GER"]
[SourceTitle "EXT 2023"]
[Source "ChessBase"]
[SourceDate "2022.10.05"]
[SourceVersion "1"]
[SourceVersionDate "2022.10.05"]
[SourceQuality "1"]
[WhiteTeam "Herford Koenigsspringer"]
[BlackTeam "Kamen SV"]
[WhiteTeamCountry "GER"]
[BlackTeamCountry "GER"]

1. c4 c6 2. b3 d5 3. cxd5 cxd5 4. Bb2 Nc6 5. e3 Nf6 6. Nf3 Bg4 7. Be2 e6 8. 0-0 Bd6 9. d3 0-0 10. Nbd2 Re8 11. a3 Rc8 12. Rc1 a5 13. h3 Bh5 14. Re1 Qe7 15. Ra1 Red8 16. Nf1 h6 17. Qd2 Bg6 18. Rec1 Bh7 19. Nd4 Nxd4 20. Bxd4 Rxc1 21. Qxc1 e5 22. Bb6 Ra8 23. Qd2 a4 24. bxa4 Rxa4 25. Qc2 Qd7 26. Qb3 Qc6 27. d4 Ra8 28. a4 Nd7 29. dxe5 Bxe5 30. Bd4 Bc2 31. Qb2 Bxd4 32. exd4 Bg6 1/2-1/2

[Event "NRW Class2 1617"]
[Site "Germany"]
[Date "2016.12.11"]
[Round "4.5"]
[White "Tkachuk, Sergij"]
[Black "Bentel, Robin"]
[Result "1-0"]
[WhiteElo "2195"]
[BlackElo "2036"]
[PlyCount "109"]
[EventDate "2016.09.25"]
[EventType "team-tourn"]
[EventRounds "9"]
[EventCountry "GER"]
[SourceTitle "EXT 2023"]
[Source "ChessBase"]
[SourceDate "2022.10.05"]
[SourceVersion "1"]
[SourceVersionDate "2022.10.05"]
[SourceQuality "1"]
[WhiteTeam "Bochum SG II"]
[BlackTeam "Herford Koenigsspringer"]
[WhiteTeamCountry "GER"]
[BlackTeamCountry "GER"]

1. e4 c5 2. Nf3 d6 3. d4 cxd4 4. Nxd4 Nf6 5. Nc3 a6 6. Bc4 e6 7. Bb3 Nbd7 8. Be3 Nc5 9. f3 Be7 10. g4 0-0 11. g5 Nfd7 12. h4 Re8 13. Qd2 Qc7 14. h5 Nf8 15. Qh2 Nxb3 16. axb3 Bd7 17. g6 Bf6 18. gxf7+ Kxf7 19. 0-0-0 b5 20. Rhg1 b4 21. Na4 Rac8 22. Bg5 Bxd4 23. Rxd4 Bxa4 24. bxa4 b3 25. c3 e5 26. Rb4 Ne6 27. Rxb3 Nc5 28. Ra3 Rb8 29. Rd1 Rb6 30. Be3 Reb8 31. Ra2 Rb3 32. Bxc5 Qxc5 33. Qd2 Ke6 34. Qd5+ Qxd5 35. Rxd5 Rf8 36. Rd3 Rf4 37. Kc2 Rb7 38. Ra1 Rh4 39. Rad1 Rb6 40. a5 Rc6 41. b4 Rxh5 42. Kb3 Rh6 43. c4 Kd7 44. b5 Rc5 45. Kb4 Kc7 46. Rd5 Rxd5 47. Rxd5 Rh1 48. bxa6 h5 49. a7 Kb7 50. Rxd6 Kxa7 51. Rd7+ Ka6 52. Rxg7 Rf1 53. Rg6+ Kb7 54. Rh6 Rxf3 55. Rxh5 1-0

[Event "NRW Class2 1617"]
[Site "Germany"]
[Date "2016.10.23"]
[Round "2.4"]
[White "Bentel, Robin"]
[Black "Agterberg, Mark"]
[Result "0-1"]
[WhiteElo "2036"]
[BlackElo "2128"]
[PlyCount "106"]
[EventDate "2016.09.25"]
[EventType "team-tourn"]
[EventRounds "9"]
[EventCountry "GER"]
[SourceTitle "EXT 2023"]
[Source "ChessBase"]
[SourceDate "2022.10.05"]
[SourceVersion "1"]
[SourceVersionDate "2022.10.05"]
[SourceQuality "1"]
[WhiteTeam "Herford Koenigsspringer"]
[BlackTeam "Gerresheim"]
[WhiteTeamCountry "GER"]
[BlackTeamCountry "GER"]

1. Nf3 d5 2. g3 Bg4 3. Bg2 Nd7 4. d3 Ngf6 5. 0-0 e6 6. c4 Be7 7. Nbd2 0-0 8. Qc2 c5 9. e3 Qc7 10. b3 Rfd8 11. Bb2 a6 12. a3 Rac8 13. h3 Bh5 14. cxd5 Nxd5 15. e4 N5f6 16. Nc4 Bxf3 17. Bxf3 b5 18. Ne3 Ne5 19. Be2 Nc6 20. Rfc1 Qb7 21. Ng4 Nxg4 22. Bxg4 Nd4 23. Bxd4 Rxd4 24. b4 c4 25. Be2 c3 26. Qb3 Qc6 27. e5 Bg5 28. f4 Bd8 29. Qd1 Bb6 30. Kh2 Rdd8 31. Bf3 Qd7 32. Be4 Be3 33. Rc2 Bd2 34. Qf3 Rc7 35. Rb1 f5 36. exf6 gxf6 37. Qh5 Kh8 38. Rd1 f5 39. Qh4 Rf8 40. Bg2 Rcc8 41. Qh6 Rce8 42. Bc6 Qxd3 43. Bxe8 Qe2+ 44. Kh1 Qxd1+ 45. Kh2 Qe2+ 46. Kh1 Rxe8 47. Qf6+ Kg8 48. Qg5+ Kf7 49. Qh6 Rg8 50. Qxh7+ Rg7 51. Qh8 Qf3+ 52. Kh2 Qxg3+ 53. Kh1 Qg1# 0-1

[Event "NRW Class2 1516"]
[Site "Germany"]
[Date "2016.01.10"]
[Round "5.8"]
[White "Bentel, Robin"]
[Black "Ribbeheger, Edgar"]
[Result "0-1"]
[WhiteElo "2035"]
[BlackElo "2020"]
[PlyCount "58"]
[EventDate "2015.09.27"]
[EventType "team-tourn"]
[EventRounds "9"]
[EventCountry "GER"]
[SourceTitle "EXT 2017"]
[Source "ChessBase"]
[SourceDate "2016.10.25"]
[SourceVersion "1"]
[SourceVersionDate "2016.10.25"]
[SourceQuality "1"]
[WhiteTeam "Herford Koenigsspringer"]
[BlackTeam "Sodingen"]
[WhiteTeamCountry "GER"]
[BlackTeamCountry "GER"]

1. e4 d6 2. g3 c5 3. Bg2 Nc6 4. d3 g6 5. Nf3 Bg7 6. 0-0 Bg4 7. h3 Bxf3 8. Bxf3 Nf6 9. Nd2 Rb8 10. Bg2 b5 11. f4 Qb6 12. Kh2 0-0 13. Nf3 Nd7 14. h4 e6 15. f5 exf5 16. exf5 Nd4 17. Ng5 Nxf5 18. Bh3 d5 19. Bxf5 gxf5 20. Rxf5 Qg6 21. Qg4 Nf6 22. Qf3 Rbe8 23. Bd2 Re2+ 24. Qxe2 Qxf5 25. Rf1 Qe5 26. Qxe5 Ng4+ 27. Kg2 Bxe5 28. Rf5 f6 29. Kh3 Nh6 0-1

[Event "NRW Class2 1516"]
[Site "Germany"]
[Date "2015.12.20"]
[Round "4.7"]
[White "Bentel, Robin"]
[Black "Sundorf, Jannik"]
[Result "0-1"]
[WhiteElo "2035"]
[BlackElo "2103"]
[PlyCount "84"]
[EventDate "2015.09.27"]
[EventType "team-tourn"]
[EventRounds "9"]
[EventCountry "GER"]
[SourceTitle "EXT 2017"]
[Source "ChessBase"]
[SourceDate "2016.10.25"]
[SourceVersion "1"]
[SourceVersionDate "2016.10.25"]
[SourceQuality "1"]
[WhiteTeam "Herford Koenigsspringer"]
[BlackTeam "Dortmund Hansa II"]
[WhiteTeamCountry "GER"]
[BlackTeamCountry "GER"]

1. e4 c5 2. Nf3 g6 3. Nc3 Bg7 4. d4 cxd4 5. Nxd4 Nc6 6. Be3 d6 7. Qd2 Nf6 8. f3 0-0 9. Bc4 Bd7 10. 0-0-0 Rb8 11. h4 Ne5 12. Bb3 b5 13. h5 Nc4 14. Bxc4 bxc4 15. hxg6 fxg6 16. g4 Rf7 17. e5 dxe5 18. Nc6 Bxc6 19. Qxd8+ Rxd8 20. Rxd8+ Rf8 21. Rxf8+ Bxf8 22. g5 Ng4 23. Bxa7 Bxf3 24. Rf1 Bc6 25. Bc5 h5 26. Rg1 Nh2 27. a4 Nf3 28. Rg3 Kf7 29. Nd1 Nd4 30. Re3 Bg7 31. a5 Ne6 32. Bb6 Nxg5 33. a6 h4 34. Re2 Nf3 35. Nf2 Bh6+ 36. Kb1 Bf4 37. a7 Ke6 38. Nh3 g5 39. Rg2 Nd2+ 40. Kc1 Bxg2 41. Nxf4+ exf4 42. Kxd2 h3 0-1

[Event "Werther Schloss op 21st"]
[Site "Werther"]
[Date "2015.03.28"]
[Round "4"]
[White "Bentel, Robin"]
[Black "Yankelevich, Lev"]
[Result "0-1"]
[WhiteElo "2139"]
[BlackElo "2386"]
[PlyCount "50"]
[EventDate "2015.03.26"]
[EventType "swiss"]
[EventRounds "7"]
[EventCountry "GER"]
[SourceTitle "CBM 165 Extra"]
[Source "ChessBase"]
[SourceDate "2015.04.21"]
[SourceVersion "1"]
[SourceVersionDate "2015.04.21"]
[SourceQuality "1"]

1. e4 c5 2. Nf3 d6 3. d4 cxd4 4. Nxd4 Nf6 5. Nc3 g6 6. Be3 Bg7 7. f3 Nc6 8. Qd2 0-0 9. 0-0-0 d5 10. Nxc6 bxc6 11. Bd4 Qa5 12. exd5 cxd5 13. Kb1 Bb7 14. Ne4 Qxd2 15. Nxd2 Rfe8 16. Bb5 Rec8 17. Nb3 a6 18. Be2 Bc6 19. Na5 Bb5 20. Rhe1 e6 21. b3 Rab8 22. c4 dxc4 23. Be5 Nd5 24. Bxc4 Bxe5 25. Rxe5 Bxc4 0-1

[Event "Werther Schloss op 21st"]
[Site "Werther"]
[Date "2015.03.26"]
[Round "2"]
[White "Bentel, Robin"]
[Black "Henkemeier, Markus"]
[Result "1-0"]
[WhiteElo "2139"]
[BlackElo "2037"]
[PlyCount "33"]
[EventDate "2015.03.26"]
[EventType "swiss"]
[EventRounds "7"]
[EventCountry "GER"]
[SourceTitle "CBM 165 Extra"]
[Source "ChessBase"]
[SourceDate "2015.04.21"]
[SourceVersion "1"]
[SourceVersionDate "2015.04.21"]
[SourceQuality "1"]

1. e4 c6 2. d4 d5 3. e5 Bf5 4. Nf3 e6 5. Be2 Nd7 6. 0-0 Be7 7. Nbd2 g5 8. c4 g4 9. Ne1 h5 10. f3 Nh6 11. cxd5 cxd5 12. Nb3 gxf3 13. Bxf3 Qb6 14. Kh1 0-0-0 15. Bd2 Bb4 16. Bxh6 Rxh6 17. Qc1+ 1-0

[Event "NRW Class2 1415"]
[Site "Germany"]
[Date "2015.02.08"]
[Round "6.6"]
[White "Panofen, Ingo"]
[Black "Bentel, Robin"]
[Result "0-1"]
[WhiteElo "1903"]
[BlackElo "2120"]
[PlyCount "92"]
[EventDate "2014.09.14"]
[EventType "team-tourn"]
[EventRounds "9"]
[EventCountry "GER"]
[SourceTitle "EXT 2017"]
[Source "ChessBase"]
[SourceDate "2016.10.25"]
[SourceVersion "1"]
[SourceVersionDate "2016.10.25"]
[SourceQuality "1"]
[WhiteTeam "Castrop Rauxel"]
[BlackTeam "Herford Koenigsspringer"]
[WhiteTeamCountry "GER"]
[BlackTeamCountry "GER"]

1. d4 Nf6 2. c4 c5 3. e3 g6 4. Nf3 Bg7 5. Bd3 0-0 6. 0-0 cxd4 7. exd4 d6 8. h3 Nc6 9. Re1 Nd7 10. d5 Nce5 11. Nxe5 Nxe5 12. Nc3 b6 13. f4 Nxd3 14. Qxd3 Bf5 15. Ne4 Rc8 16. Rb1 e5 17. b3 Re8 18. g4 Qh4 19. Ba3 Bxe4 20. Rxe4 f5 21. gxf5 gxf5 22. Re2 Qxf4 23. Bxd6 Qh6 24. Bb4 e4 25. Qg3 Kh8 26. Bc3 Rg8 27. Rg2 Bf6 28. Bxf6+ Qxf6 29. Qf4 Rxg2+ 30. Kxg2 Rg8+ 31. Kh2 Qg7 32. Qf2 Qe5+ 33. Kh1 Rg3 34. Qb2 Rxh3+ 35. Kg1 Rc3 36. d6 Qg3+ 37. Kh1 Qh3+ 38. Qh2 Qf3+ 39. Qg2 Qh5+ 40. Kg1 Rd3 41. Rf1 Rxd6 42. Qb2+ Kg8 43. Rf2 Qd1+ 44. Rf1 Rg6+ 45. Kf2 e3+ 46. Kxe3 Qxf1 0-1

[Event "NRW Class2 1415"]
[Site "Germany"]
[Date "2015.01.11"]
[Round "5.4"]
[White "Bentel, Robin"]
[Black "Buscher, Michael"]
[Result "0-1"]
[WhiteElo "2120"]
[BlackElo "2317"]
[PlyCount "132"]
[EventDate "2014.09.14"]
[EventType "team-tourn"]
[EventRounds "9"]
[EventCountry "GER"]
[SourceTitle "EXT 2017"]
[Source "ChessBase"]
[SourceDate "2016.10.25"]
[SourceVersion "1"]
[SourceVersionDate "2016.10.25"]
[SourceQuality "1"]
[WhiteTeam "Herford Koenigsspringer"]
[BlackTeam "Aachen Aufwaerts II"]
[WhiteTeamCountry "GER"]
[BlackTeamCountry "GER"]

1. b3 e5 2. Bb2 d6 3. c4 Nc6 4. e3 Nf6 5. d3 g6 6. Nf3 Bg7 7. Be2 0-0 8. 0-0 Re8 9. Nbd2 Bd7 10. a3 a5 11. Qc2 Qe7 12. Rfe1 h6 13. Nf1 e4 14. dxe4 Nxe4 15. Bxg7 Kxg7 16. Ng3 Nxg3 17. Qc3+ Qf6 18. Qxf6+ Kxf6 19. hxg3 Re7 20. Red1 Bg4 21. Rac1 b6 22. Kf1 Rae8 23. Nd4 Nxd4 24. Rxd4 Bxe2+ 25. Kxe2 Re4 26. Rxe4 Rxe4 27. Kd3 Re5 28. b4 axb4 29. axb4 Rh5 30. Ra1 Ke6 31. Ra8 Rh2 32. Re8+ Kd7 33. Rf8 Ke7 34. Rc8 Kd7 35. Rf8 Ke7 36. Rc8 c5 37. Rb8 cxb4 38. Rxb6 Rxg2 39. Ke2 Rg1 40. Rxb4 h5 41. Rb5 Rc1 42. Kd3 Ke6 43. Rb8 Rf1 44. Ke2 Ra1 45. Rb7 Ra2+ 46. Kf3 Rc2 47. Rc7 g5 48. Rc8 h4 49. gxh4 gxh4 50. Rh8 Rxc4 51. e4 f5 52. Rxh4 Ke5 53. Rh8 fxe4+ 54. Ke3 Rc3+ 55. Kd2 Ra3 56. Rb8 d5 57. Ke2 Ra2+ 58. Ke1 Kd4 59. Rb3 Kc4 60. Re3 Rc2 61. Rh3 d4 62. Rh8 Kc3 63. Re8 Rc1+ 64. Ke2 d3+ 65. Ke3 Re1+ 66. Kf4 d2 0-1

[Event "Dortmund Sparkassen op-A"]
[Site "Dortmund"]
[Date "2014.07.15"]
[Round "4"]
[White "Bentel, Robin"]
[Black "Hobusch, Jan"]
[Result "0-1"]
[WhiteElo "2082"]
[BlackElo "2130"]
[PlyCount "44"]
[EventDate "2014.07.12"]
[EventType "swiss"]
[EventRounds "9"]
[EventCountry "GER"]
[SourceTitle "CBM 161 Extra"]
[Source "ChessBase"]
[SourceDate "2014.08.29"]
[SourceVersion "1"]
[SourceVersionDate "2014.08.29"]
[SourceQuality "1"]

1. e4 c6 2. d4 d5 3. exd5 cxd5 4. Bd3 Nf6 5. c3 Nc6 6. Bf4 Bg4 7. Qb3 Qc8 8. Nd2 e6 9. Ngf3 Bh5 10. Ne5 Nxe5 11. dxe5 Nd7 12. c4 Nc5 13. Qb5+ Qc6 14. cxd5 Nxd3+ 15. Qxd3 Qxd5 16. Qxd5 exd5 17. Rc1 Kd7 18. e6+ Kxe6 19. Rc7 Bd6 20. Bxd6 Kxd6 21. Rxb7 Rhe8+ 22. Kf1 Be2+ 0-1

[Event "Dortmund Sparkassen op-A"]
[Site "Dortmund"]
[Date "2014.07.12"]
[Round "1"]
[White "Podzielny, Karl Heinz"]
[Black "Bentel, Robin"]
[Result "1-0"]
[WhiteElo "2443"]
[BlackElo "2082"]
[PlyCount "65"]
[EventDate "2014.07.12"]
[EventType "swiss"]
[EventRounds "9"]
[EventCountry "GER"]
[SourceTitle "CBM 161 Extra"]
[Source "ChessBase"]
[SourceDate "2014.08.29"]
[SourceVersion "1"]
[SourceVersionDate "2014.08.29"]
[SourceQuality "1"]

1. d4 Nf6 2. Nf3 g6 3. c4 Bg7 4. Nc3 0-0 5. e4 d6 6. Be2 e5 7. 0-0 Nc6 8. d5 Ne7 9. b4 Nd7 10. a4 f5 11. Ng5 Nf6 12. Bf3 a5 13. bxa5 Rxa5 14. Ba3 h6 15. Ne6 Bxe6 16. dxe6 Nc6 17. Rb1 Nd4 18. exf5 gxf5 19. Bd5 Nxd5 20. cxd5 b6 21. Bb4 Ra8 22. Nb5 Nxb5 23. axb5 e4 24. Rc1 Be5 25. Qh5 Rf6 26. Rc4 Qe7 27. g4 Qg7 28. Kh1 e3 29. gxf5 Kh8 30. Rg4 Qf8 31. fxe3 Ra1 32. Rxa1 Rxf5 33. e7 1-0